000 00850nam0a22002651 4500
001 rc\3143671
005 20250530071726.0
021 _aRU
_bРг13529-75
021 _aRU
_b75-45679
035 _a(NLR Aleph) 007292304
090 _a5622741
_c5622741
100 _a20120615d1975 |||y0rusy50 ca
101 0 _arus
102 _aRU
105 _ay g |||||
200 1 _aПремирование рабочих и служащих промышленных предприятий
_e[Справочник]
210 _aМосква
_cПрофиздат
_d1975
215 _a159 с.
_d21
700 1 _aКаринский
_bС.С.
_gСергей Сергеевич
701 1 _aКучма
_bМ.И.
_gМаргарита Ивановна
801 0 _aRU
_bNLR
_gpsbo
801 1 _aRU
_bELAR
_2rusmarc
852 _aNLR
_j75-3/5515
942 _cBOOK
980 _aNB